000
00183nam a22000857a 4500
003
SGT
245
_a
Journal of Clinical Periodontology
260
_b
Blackwell
_c
2006-2011
942
_2
ddc
_c
BV
999
_c
27455
_d
27455